000 00412nam a22001337a 4500
008 150320b xxu||||| |||| 00| 0 eng d
082 _a821.927.282
_bW 676s
100 _aWilentz, Gay (editor)
_92237
245 _aShe Belizean Women Poets
260 _aBelice
_bFactoryBooks
_c2001
300 _a84 p.
_c21 cm
650 _xLiteratura
_xPoesía
_xPoesía por mujeres de Belice
_zBelice
_92238
700 _aGay Wilentz
_92239
999 _c468
_d468